| 000 | 00436nam a22001697a 4500 | ||
|---|---|---|---|
| 005 | 20160628143849.0 | ||
| 008 | 160628b xxu||||| |||| 00| 0 eng d | ||
| 020 | _a81-259-0151-5 | ||
| 041 | _aeng | ||
| 082 | _b10599 | ||
| 100 |
_aKasturi, Leda and Mazumdar, Vira _93075 |
||
| 245 | _aWomen and Indian Nationalism | ||
| 260 |
_aNew Delhi _bVikas Publishing House, _c1996 |
||
| 300 | _a192 | ||
| 650 |
_aManagement _9241 |
||
| 942 | _cBK | ||
| 999 |
_c4464 _d4463 |
||